| 000 | 00540nam a2200205 a 4500 | ||
|---|---|---|---|
| 001 | 12697 | ||
| 003 | BDJhCC | ||
| 005 | 20230508104045.0 | ||
| 008 | 230508s2020 uk 000 1 eng | ||
| 040 |
_aDLC _cDLC _dBDJhCC |
||
| 041 | _aEnglish | ||
| 050 | 0 | 0 |
_aPS3569.H3927 _bW5 1987c |
| 082 | 0 | 0 |
_a813/.54 _220 _bSHE 2020 |
| 100 | 1 | _aSheldon, Sidney. | |
| 245 | 1 | 0 |
_aWindmills of the gods / _cSidney Sheldon. |
| 260 |
_aLondon : _bBook Club Associates, _c2020. |
||
| 300 |
_a319 p. ; _c21 cm. |
||
| 942 |
_2ddc _cBK |
||
| 999 |
_c12697 _d12697 |
||